000 00579nam a22001937a 4500
005 20220425111827.0
008 220425b ||||| |||| 00| 0 eng d
040 _cAL
041 _aEnglish
082 _223
_a321.80954
_bKASU
100 _aSubhash C Kashyap
_931480
245 _aUnderstanding the constitution of India
260 _aNew Delhi
_bNational council of educational research and training
_c2000
300 _a122 p.
_bHB
_c23x15 cm.
365 _c
_d₹181.00
650 _aConstituional law
_931481
700 _aKASHYAP (Subhash C)
_931482
942 _2ddc
_cGF
999 _c222601
_d222601